| 000 | 00782nam a2200241 a 4500 | ||
|---|---|---|---|
| 008 | |||
| 020 | _a0412377403 (hbk.) | ||
| 049 | _aMAIN | ||
| 090 | _aTJ213.95 FAI | ||
| 245 | 1 | 0 |
_aFailsafe control systems : _bapplications and emegerncy management / _cedited by Kevin Warwick and Ming T. Tham. |
| 260 |
_aLondon : _bChapman and Hall, _c1991. |
||
| 440 | _aUNICOM Applied Information Technology Reports | ||
| 500 | _aIncludes index. | ||
| 504 | _aIncludes bibliographical references. | ||
| 650 | 1 |
_aAutomatic control _xreliability. |
|
| 700 | _aWarwick, Kevin. | ||
| 700 | _aTham, Ming T. | ||
| 907 |
_a.b10232795 _b16-02-07 _c16-02-07 |
||
| 003 | |||
| 005 | 20230123134401.0 | ||
| 040 | _cNUST | ||
| 942 |
_cBOOKS _kTJ213.95 FAI |
||
| 999 |
_c164974 _d164974 |
||